<?xml version="1.0" encoding="UTF-8"?>
<record
    xmlns:xsi="http://www.w3.org/2001/XMLSchema-instance"
    xsi:schemaLocation="http://www.loc.gov/MARC21/slim http://www.loc.gov/standards/marcxml/schema/MARC21slim.xsd"
    xmlns="http://www.loc.gov/MARC21/slim">

  <leader>01746nam a2200349 a 4500</leader>
  <controlfield tag="005">20240412132243.0</controlfield>
  <controlfield tag="008">100309t1987||||ag    0f0   S  S1 S spa d</controlfield>
  <datafield tag="020" ind1=" " ind2=" ">
    <subfield code="a">9502303636</subfield>
  </datafield>
  <datafield tag="041" ind1=" " ind2=" ">
    <subfield code="a">spa</subfield>
  </datafield>
  <datafield tag="092" ind1=" " ind2=" ">
    <subfield code="c">323.4</subfield>
    <subfield code="l">72</subfield>
    <subfield code="s">RAB</subfield>
  </datafield>
  <datafield tag="100" ind1="1" ind2=" ">
    <subfield code="a">Rabossi, Eduardo</subfield>
    <subfield code="9">3166</subfield>
  </datafield>
  <datafield tag="245" ind1=" " ind2=" ">
    <subfield code="a">La carta Internacional de los Derechos Humanos /</subfield>
    <subfield code="c">Eduardo Rabossi</subfield>
  </datafield>
  <datafield tag="250" ind1=" " ind2=" ">
    <subfield code="a">1a ed.</subfield>
  </datafield>
  <datafield tag="260" ind1=" " ind2=" ">
    <subfield code="a">Buenos Aires: </subfield>
    <subfield code="b">EUDEBA;</subfield>
    <subfield code="c">1987.</subfield>
  </datafield>
  <datafield tag="300" ind1=" " ind2=" ">
    <subfield code="a">136 p.</subfield>
  </datafield>
  <datafield tag="500" ind1=" " ind2=" ">
    <subfield code="a">Rabossi, E. (1987). La carta internacional de Derechos Humanos. (1a ed.). Buenos Aires : EUDEBA.</subfield>
  </datafield>
  <datafield tag="590" ind1=" " ind2=" ">
    <subfield code="a">Donaci&#xF3;n Dora Vera, febrero 2017</subfield>
  </datafield>
  <datafield tag="653" ind1=" " ind2=" ">
    <subfield code="a">Segunda Guerra Mundial y los ideales de paz, libertad y justicia</subfield>
  </datafield>
  <datafield tag="653" ind1=" " ind2=" ">
    <subfield code="a">Carta de Naciones Unidas y los Derechos Humanos</subfield>
  </datafield>
  <datafield tag="653" ind1=" " ind2=" ">
    <subfield code="a">Declaracion Universal de Derechos Humanos</subfield>
  </datafield>
  <datafield tag="653" ind1=" " ind2=" ">
    <subfield code="a">Pacto internacional de Derechos Economicos, Sociales y Culturales. El Pacto Internacional de Derechos Civiles y Politicos y su Protocolo adicional: analisis comparativo.</subfield>
  </datafield>
  <datafield tag="653" ind1=" " ind2=" ">
    <subfield code="a">Proclamacion de Teheran</subfield>
  </datafield>
  <datafield tag="653" ind1=" " ind2=" ">
    <subfield code="a">Documento 1: Carta de las Naciones Unidas</subfield>
  </datafield>
  <datafield tag="653" ind1=" " ind2=" ">
    <subfield code="a">Documento 2: Sintesis oficial de la discusion del proyecto de DUDH en la Asamblea General de las Naciones Unidas</subfield>
  </datafield>
  <datafield tag="653" ind1=" " ind2=" ">
    <subfield code="a">Documento 3: Declaracion Universal de los Derechos Humanos</subfield>
  </datafield>
  <datafield tag="653" ind1=" " ind2=" ">
    <subfield code="a">Documento 4: Antecedentes de la aprobacion de los dos Pactos y del Protocolo Facultativo</subfield>
  </datafield>
  <datafield tag="653" ind1=" " ind2=" ">
    <subfield code="a">Documento 5: Pacto Internacional de Derechos Economicos, Sociales y Culturales</subfield>
  </datafield>
  <datafield tag="653" ind1=" " ind2=" ">
    <subfield code="a">Documento 6: Pacto Internacional de Derechos Civiles y Politicos</subfield>
  </datafield>
  <datafield tag="653" ind1=" " ind2=" ">
    <subfield code="a">Documento 7: Protocolo Facultativo del Pacto Internacional de Derechos Civiles y Politicos</subfield>
  </datafield>
  <datafield tag="653" ind1=" " ind2=" ">
    <subfield code="a">Documento 8: Proclamacion de Teheran</subfield>
  </datafield>
  <datafield tag="942" ind1=" " ind2=" ">
    <subfield code="2">ddc</subfield>
    <subfield code="c">BK</subfield>
  </datafield>
  <datafield tag="999" ind1=" " ind2=" ">
    <subfield code="c">2363</subfield>
    <subfield code="d">2363</subfield>
  </datafield>
  <datafield tag="952" ind1=" " ind2=" ">
    <subfield code="0">0</subfield>
    <subfield code="1">0</subfield>
    <subfield code="2">ddc</subfield>
    <subfield code="4">0</subfield>
    <subfield code="7">0</subfield>
    <subfield code="a">BFM</subfield>
    <subfield code="b">BFM</subfield>
    <subfield code="c">CR</subfield>
    <subfield code="d">2017-03-02</subfield>
    <subfield code="e">Donacion Dora Vera, febrero 2017</subfield>
    <subfield code="l">1</subfield>
    <subfield code="o">323.4 72 RAB</subfield>
    <subfield code="p">3806</subfield>
    <subfield code="r">2022-05-26</subfield>
    <subfield code="s">2022-05-26</subfield>
    <subfield code="t">Ej.1</subfield>
    <subfield code="w">2017-03-02</subfield>
    <subfield code="y">BK</subfield>
    <subfield code="z">Donacion Dora Vera, febrero 2017</subfield>
  </datafield>
</record>
